Statistics for Athletic Club Squad 2017-2018

Click here to take the quiz!

General Stats

  • This quiz has been taken 10 times
  • The average score is 15 of 27

Answer Stats

#PositionNationPlayer% Correct
20FWSpainAritz Aduriz
100%
11FWGhanaIñaki Williams
100%
4DFSpainAymeric Laporte
86%
7MFSpainBeñat Etxebarria
86%
13GKSpainIago Herrerín
86%
10FWSpainIker Muniain
86%
4DFSpainIñigo Martínez
86%
1GKSpainKepa Arrizabalaga
86%
24DFSpainMikel Balenziaga
71%
6MFSpainMikel San José
71%
18DFSpainÓscar de Marcos
71%
22MFSpainRaúl García
71%
5DFSpainYeray Álvarez
71%
8MFSpainAnder Iturraspe
57%
12DFSpainUnai Núñez
57%
28FWSpainIñigo Córdoba
43%
14FWSpainMarkel Susaeta
43%
-CoachSpainCuco Ziganda
29%
2DFSpainEneko Bóveda
29%
3DFSpainEnric Saborit
29%
15DFSpainIñigo Lekue
29%
9FWSpainKike Sola
29%
21MFSpainMikel Vesga
29%
23MFSpainAger Aketxe
14%
17MFSpainMikel Rico
14%
16DFSpainXabier Etxeita
14%
19FWSpainSabin Merino
0%

Score Distribution

Percentile by Number Answered

Percent of People with Each Score

Your Score History

You have not taken this quiz